000 00280nam a2200109Ia 4500
008 220204s9999 xx 000 0 und d
082 _a054
_bMIL
100 _aMiloler, Tyler G
245 0 _aChemistry: A contemporary approach
260 _aCalifornia
_bWadsworth
_c1976
942 _cBK
999 _c31954
_d31954